000 00671nam a2200217 i 4500
001 28034
003 ES-MaACL
005 20230906153741.0
007 t|
008 030116s1978 sp ||||1| spa d
100 1 _aBailey, Martín J.
_924698
245 1 0 _aRenta nacional y nivel de precios
_b: curso de teoría macroeconómica /
_cMartín J. Bailey ; versión... de José Vergara...
250 _a3ª ed.
260 _a[Madrid] :
_bAlianza,
_c[1978]
300 _a348 p. ;
_c20 cm.
490 1 _aAlianza universidad
700 1 _aVergara, José.
_9114083
830 0 _aAlianza universidad
_9177276
852 _aES-MaACL
_jA-10032
_bR.98379
999 _c28034
_d28034